000 01143cam a22003737a 4500
003 CHAP
005 20220817044052.0
008 051205d2005 it rn 00110 eng d
010 _a91493
011 _a92465
020 _a9251053375
035 _a103029
040 _cCHAP
082 0 4 _a632.93
_bF3 v.34
110 2 _aFAO
245 1 0 _aGrasslands of the world
_c/by J. M. Suttie, S. G. Reynolds and C. Batello
260 _aRome :
_bFAO,
_c2005.
300 _a514 p.
490 0 _aFAO. Producción y protección vegetal
_v; 34
590 _aBATCH-UPD
_b10
_c20130110
_lUCH01
_h0448
590 _aBATCH-UPD
_b10
_c20130410
_lUCH01
_h0125
590 _aBATCH-UPD
_b10
_c20130914
_lUCH01
_h0546
590 _aCONVERSION
_b10
_c20130109
_lUCH01
_h1351
650 1 4 _aPastizales.
_985916
650 1 4 _aPastoreo.
_985984
700 0 _aBatello, C.
_910784
700 0 _aReynolds, Stephen G.
_997086
700 0 _aSuttie, J. M.
_9110801
830 0 _aFAO. Producción y protección vegetal
_v; 34
_939654
901 _aBK
905 _aLilia
942 _cLIBRO
949 _a632.93 F3 v.34
_bBC
_cFAO
_d33724000970208
_eFAO1
_gD
_h107574
_i103029
_sb
999 _c91493
_d91493